O ovo (Record no. 113565)

MARC details
000 -LÍDER
campo de controle de tamanho fixo 00509 a2200205 4500
001 - NÚMERO DE CONTROLE
campo de controle 113565
020 ## - ISBN - INTERNATIONAL STANDARD BOOK NUMBER
ISBN - International Standard Book Number 9788525047649
041 ## - CÓDIGO DE IDIOMA
Código do idioma do texto/trilha sonora ou título diferente por
082 ## - CDD - CLASSIFICAÇÃO DECIMAL DE DEWEY
Número de Classificação AP IK 028
040 ## - FONTE DA CATALOGAÇÃO
Instituição da catalogação original BR-BrIDEA
Instituição que transcreveu o registro BR-BrIDEA
090 ## - NÚMERO DE CHAMADA LOCAL
Número de chamada (OCLC) (R); Número de chamada, CALL (RLIN) (NR) AP SK 028
Número Cutter local (OCLC); Número de classificação do livro, CALL (RLIN) OLI
100 ## - ENTRADA PRINCIPAL--NOME PESSOAL
Nome pessoal Oliveira Filho, Milton Célio de.
250 ## - EDIÇÃO
Edição 1. ed.
245 10 - TÍTULO
Título O ovo
Indicação de responsabilidade, etc. Milton Célio de Oliveira Filho
260 ## - PUBLICAÇÃO, DISTRIBUIÇÃO, ETC.
Local de publicação, distribuição, etc. São Paulo
Nome do editor, distribuidor, etc. Globo
Data da publicação, distribuição, etc. 2010
300 ## - DESCRIÇÃO FÍSICA
Extensão 23 p.
697 ## - ENTRADA DE ASSUNTO LOCAL--ENTIDADE COLETIVA (RLIN)
Nome corporativo ou nome da jurisdição Literatura infatojuvenil.
856 ## - LOCALIZAÇÃO ELETRÔNICA E ACESSO
Uniform Resource Identifier <a href="000024/0000243a.jpg">000024/0000243a.jpg</a>
942 ## - ELEMENTOS DE ENTRADA ADICIONADOS (KOHA)
Tipo de material Koha Livros
Holdings
Situação do descarte Situação das perdas Fonte da classificação ou esquema de arquivamento na estante Situação física Não pode ser emprestado Biblioteca de origem Biblioteca atual Data de aquisição Total de empréstimos Número de chamada completo Código de barras Devolução em Data de último acesso Data do último empréstimo Data do preço efetivo Tipo de material Koha
          Canadian School of Niterói - Piratininga Canadian School of Niterói - Piratininga 09/02/2024   OLI - O2 A29563   09/02/2024   09/02/2024 Livros
    Classificação Decimal de Dewey     ECB - SUDOESTE ECB - SUDOESTE 01/02/2017 1 P SK 028 OLI 00027251SSW 31/03/2024 31/01/2024 31/01/2024 23/01/2024 Livros
    Classificação Decimal de Dewey     ECB - SUDOESTE ECB - SUDOESTE 16/03/2015 1 P SK 028 OLI 00014416SSW   21/06/2024 14/06/2024 23/01/2024 Livros
    Classificação Decimal de Dewey     ECB - SUDOESTE ECB - SUDOESTE 24/04/2015 1 P SK 028 OLI 00015104SSW 31/03/2024 31/01/2024 31/01/2024 23/01/2024 Livros
    Classificação Decimal de Dewey     ECB - SUDOESTE ECB - SUDOESTE 16/03/2015   AP IK 028 00014414SSW   23/01/2024   23/01/2024 Livros
    Classificação Decimal de Dewey     ECB - SUDOESTE ECB - SUDOESTE 01/02/2017   P SK 028 OLI 00027250SSW   23/01/2024   23/01/2024 Livros
    Classificação Decimal de Dewey     ECB - SUDOESTE ECB - SUDOESTE 01/02/2017 1 P SK 028 OLI 00027252SSW 31/03/2024 31/01/2024 31/01/2024 23/01/2024 Livros
    Classificação Decimal de Dewey     ECB - SUDOESTE ECB - SUDOESTE 16/03/2015 1 P SK 028 OLI 00014415SSW 31/03/2024 31/01/2024 31/01/2024 23/01/2024 Livros
    Classificação Decimal de Dewey     ECB - ÁGUAS CLARAS ECB - ÁGUAS CLARAS 23/05/2014   AP SK 028 OLI 00009070AGC   23/01/2024   23/01/2024 Livros
    Classificação Decimal de Dewey     ECB - ÁGUAS CLARAS ECB - ÁGUAS CLARAS 14/12/2017   AP SK 028 OLI 00031534AGC   23/01/2024   23/01/2024 Livros
    Classificação Decimal de Dewey     ECB - ÁGUAS CLARAS ECB - ÁGUAS CLARAS 17/08/2021   AP SK 028 OLI 00054673AGC   23/01/2024   23/01/2024 Livros